| 000 | 00378nam a2200157Ia 4500 | ||
|---|---|---|---|
| 999 |
_c10801 _d10801 |
||
| 008 | 191201s2011 xx 000 0 und d | ||
| 082 |
_a510 _bJAN |
||
| 100 | _aJAIN, M.L. | ||
| 245 | 0 | _aNumerical Analysis | |
| 250 | _a9th | ||
| 260 |
_aNew Delhi _bJeevansons Pub. _c2020 |
||
| 300 | _aMisc | ||
| 650 | _aBA GEN | ||
| 700 | _aKAUSHIK, K.L. and others | ||
| 942 |
_2ddc _cBK _011 |
||